|
|
|
|
| LEADER |
00000nas a2200000 i 4500 |
| 001 |
in00000011089 |
| 005 |
20251126081453.6 |
| 002 |
АВ3Р/1999/5 |
| 008 |
081006u19?? rur l000 0yrus d |
| 035 |
|
|
|a ( UA-KiNSAL)АВ3Р/1999/5
|
| 040 |
|
|
|a UA-KiNSAL
|b ukr
|c UA-KiNSAL
|
| 090 |
|
|
|
| 245 |
0 |
0 |
|a NJ
|
| 260 |
|
|
|a Б.м.
|
| 530 |
|
|
|a Original record
|u https://kubg.libs.net.ua/kubg_recs/0000031633.txt
|
| 942 |
|
|
|2 UDC
|c JOURNAL
|
| 952 |
|
|
|a XP
|b книга
|d ХР
|z 20150217
|i 1
|p Jv0034573
|j АВ3Р/1999/5
|o
|h 1999, № 5
|c 1
|
| 920 |
|
|
|a NJ
|
| 961 |
|
|
|a 691
|
| 991 |
0 |
0 |
|a АВ3Р/1999/5
|
| 997 |
|
|
|a 0000031633
|
| 998 |
|
|
|a 31633
|
| 999 |
f |
f |
|i bf532a80-e6c3-4261-a77e-822d70105924
|s b5698939-9035-4aec-a96c-dcd57b2eb619
|t 0
|
| 952 |
f |
f |
|p Може видаватися
|a Національна наукова сільськогосподарська бібліотека
|b Центральна будівля
|c ННСБ всі підрозділи
|d Відділ зберігання
|t 0
|e АВ3Р/1999/5
|i книга
|m Jv0034573
|n 1
|